00439nam a22001697a 450000500170000001000150001702000260003203500130005803700130007108200120008410000190009624500420011526000420015727000440019930000230024370000030026620100813150344.0 aENG-100186 a9789350011836c100.00 aEN-83718 aDBAD/PUB a332.954 aD. Kalaiselvan aBanking in India /cby D. Kalaiselvan aPerambalur bMercury Publishersc2009 aMercury PublishersbPerambalur e621212 a147 p.c20cm (Pbk)